Combating corruption : (Record no. 95118)

MARC details
000 -LEADER
fixed length control field 00952nam a22002537a 4500
005 - DATE AND TIME OF LATEST TRANSACTION
control field 20150812164928.0
010 ## - LCCN (DPL NO)
LC control number ENG-113613
020 ## - INTERNATIONAL STANDARD BOOK NUMBER
Terms of availability 695..00
International Standard Book Number 9788125052333
035 ## - SYSTEM CONTROL NUMBER
System control number EN-97145
037 ## - SOURCE OF ACQUISITION
Source of stock number/acquisition DBAD/PUB
082 ## - DEWEY DECIMAL CLASSIFICATION NUMBER
Classification number 364.1680954
100 ## - MAIN ENTRY--PERSONAL NAME
Personal name Atal, Yogesh
245 ## - TITLE STATEMENT
Title Combating corruption :
Statement of responsibility, etc by Yogesh Atal [and] Sunil K.Choudhary
Remainder of title the Indian case /
260 ## - PUBLICATION, DISTRIBUTION, ETC. (IMPRINT)
Place of publication, distribution, etc New Delhi
Name of publisher, distributor, etc Orient Blackswan
Date of publication, distribution, etc 2014
270 ## - ADDRESS
Address 1/24 Asaf Ali Road
City New Delhi
Postal code 110002
300 ## - PHYSICAL DESCRIPTION
Extent xvii,291p. :
Dimensions 23cm(Hb)
Other physical details ill.,map
500 ## - GENERAL NOTE
General note Includes bibliographical references (pages 277-282) and index.
505 ## - FORMATTED CONTENTS NOTE
Formatted contents note Pt. 1. Corruption: a social science perspective -- pt. 2. Corruption syndrome in India -- pt. 3. Expression of public anger.
650 ## - SUBJECT ADDED ENTRY--TOPICAL TERM
Topical term or geographic name as entry element Corruption
Geographic subdivision India.
650 ## - SUBJECT ADDED ENTRY--TOPICAL TERM
Topical term or geographic name as entry element Political corruption
Geographic subdivision India.
650 ## - SUBJECT ADDED ENTRY--TOPICAL TERM
Topical term or geographic name as entry element Protest movements
Geographic subdivision India.
700 ## - ADDED ENTRY--PERSONAL NAME
Personal name Choudhary, Sunil K.
942 ## - ADDED ENTRY ELEMENTS (KOHA)
Source of classification or shelving scheme Dewey Decimal Classification
Item type English Books
Call number suffix ATA
Classification part 364.1680954
Holdings
Withdrawn status Lost status Not for loan Collection code Home library Current library Date acquired Source of acquisition Cost, normal purchase price Full call number Barcode Copy number Cost, replacement price Koha item type
    Not For Loan Non-fiction D.B.Act.Division D.B.Act.Division 21/07/2015 DBAD/Pub. 695.00 364.1680954 ATA EN-97145 1 695.00 English Books

© Delhi Public Library
Hit Counter
free hit counter